You are my sunshine - Lyrics - Statistics

General Stats
  • This quiz has been taken 103 times
  • The average score is 70 of 90
Answer Stats
Answer % Correct
Are
100%
Are
100%
Are
100%
Are
100%
My
100%
My
100%
My
100%
My
100%
My
100%
My
100%
My
100%
My
100%
Only
100%
Only
100%
Sunshine
100%
Sunshine
100%
Sunshine
100%
Sunshine
100%
Sunshine
100%
Sunshine
100%
You
100%
You
100%
You
100%
You
100%
You
100%
You
100%
You
100%
Me
95%
Me
95%
Happy
94%
Happy
94%
Make
94%
Make
94%
When
88%
When
88%
When
88%
I
86%
I
86%
I
86%
I
86%
I
86%
I
86%
I
86%
I
86%
Gray
84%
Gray
84%
Skies
83%
Skies
83%
Don't
80%
Don't
80%
Love
80%
Love
80%
Away
79%
Away
79%
Take
79%
Take
79%
How
78%
How
78%
Please
78%
Please
78%
Know
76%
Know
76%
Much
76%
Much
76%
Dear
71%
Dear
71%
Dear
71%
Dear
71%
Never
69%
Never
69%
You'll
64%
You'll
64%
The
54%
Night
41%
Other
41%
So
41%
And
39%
In
38%
Sleeping
36%
Was
35%
Arms
31%
As
31%
Dreamed
31%
Held
31%
Awoke
28%
Cried
28%
Mistaken
28%
Head
25%
Hung
25%
Laid
21%
No matching quizzes found
Score Distribution
Percent of People with Each Score
Percentile by Number Answered
Your Score History
You have not taken this quiz